| 000 | 00351nam a2200133Ia 4500 | ||
|---|---|---|---|
| 008 | 240624s9999 xx 000 0 und d | ||
| 041 | _aeng | ||
| 082 | _a658.4092 PIC | ||
| 100 | _aPICKAVANCE NORMAN | ||
| 245 | _aRECONNECTED LEADER AN EXECUTIVES GUIDE T | ||
| 260 |
_c2015 _aNew Delhi _bKogan Page |
||
| 300 | _ax, 293 p.; 23 cm. | ||
| 365 |
_cBPS _b30 |
||
| 999 |
_c30029 _d30029 |
||